000
00382nam a2200145Ia 4500
008
100122s9999 xx 000 0 und d
082
_b
66476
_a
823
100
_a
नाईक गुरुनाथ
245
_a
समशेर
260
_b
गीता एजन्सीज
_c
2004
300
_a
184
630
_a
समशेर
730
_a
समशेर
942
_c
BOOK
999
_c
439007
_d
439004